Score 0/52 Timer 04:00
0 Plays Today
Rank Country of Origin % Correct
1Mexico
99.9%
4China (including Hong Kong)
98.1%
12United Kingdom (including dependencies)
97.4%
3India
96.7%
10Canada
95.4%
26Brazil
94.9%
21Russia
94.3%
22Italy
93.6%
41France
93.4%
15Germany
93.1%
25Japan
90.6%
8Cuba
90.4%
37Argentina
88.9%
7Korea (figures don't specify North and South)
88.7%
24Iran
87.7%
5Vietnam
87.1%
14Colombia
86.9%
28Pakistan
85.6%
20Peru
84.6%
46Iraq
84.3%
11Guatemala
84%
18Poland
83.6%
9Dominican Republic
83.1%
16Haiti
83.1%
13Jamaica
82.1%
36Venezuela
82.1%
Rank Country of Origin % Correct
6El Salvador
81.6%
47Ireland
81.1%
17Honduras
80.9%
51Panama
80.7%
2Philippines
80.1%
44Egypt
79.7%
52Turkey
77.6%
30Nicaragua
77.4%
27Ukraine
76.6%
32Thailand
76%
43Greece
74%
45Israel
73.3%
33Nigeria
71%
39Bangladesh
70.1%
19Ecuador
68.3%
40Cambodia
67.3%
34Laos
66.3%
23Taiwan
64.9%
35Portugal
64.9%
38Romania
56.1%
42Ethiopia
50.4%
48Lebanon
45%
31Trinidad and Tobago
43.4%
49Ghana
41.7%
29Guyana
39.9%
50Bosnia and Herzegovina
15.6%

You're not logged in!

Compare scores with friends on all Sporcle quizzes.
OR
Log In

Sporcle TV

Today on Sporcle TV


Watch our educational content, quiz creation guides, and fun videos on Sporcle TV.

Show Comments

Extras

Top Quizzes Today


Score Distribution

Paid Content

Your Account Isn't Verified!

In order to create a playlist on Sporcle, you need to verify the email address you used during registration. Go to your Sporcle Settings to finish the process.

Report this User

Report this user for behavior that violates our Community Guidelines.

Details: